00476nam a22001697a 450000500170000001000150001702000110003203500130004303700130005608200120006910000180008124500650009926000340016427000490019830000220024765000370026920100816143757.0 aENG-100637 c100.00 aEN-84170 bDBAD/PUB a301.153 aParekh, P. C. aHarilal :bMahatma Gandhi's jogging jewel /cby P. C. Parekh aBombaybSwati Prakashanc2008 a218, Bombay Market, Tardeo Main RoadbBombay a173p.c18cm (pbk) aGandhi-Mahatma,-1869-1948-family